[Event "Josef Kupper Memorial 2019"]
[Site "Zurich"]
[Date "2019.08.17"]
[Round "5.11"]
[White "Sutter, Oliver"]
[Black "Bauer, Christian"]
[Result "0-1"]
[WhiteElo "2344"]
[BlackElo "2626"]
[Annotator "TA"]
[PlyCount "136"]
[EventDate "2019.08.14"]
[EventType "swiss"]
[EventCountry "SUI"]
[SourceTitle "playchess.com"]
[Source "ChessBase"]
[SourceQuality "1"]

{[%evp 21,136,11,15,10,16,11,32,33,37,0,0,-5,16,0,39,0,0,0,0,0,25,8,0,0,0,0,6,-10,-19,-11,-11,-20,-6,-20,-2,-6,0,-5,-1,-8,-1,-60,-55,-58,-54,-48,-46,-54,-46,-46,-39,-45,-45,-50,-22,-67,-67,-65,-43,-64,-64,-62,-18,-69,-69,-66,-64,-77,-69,-66,-65,-90,-90,-90,-62,-89,-90,-90,-90,-165,-166,-167,-167,-161,-162,-167,-97,-102,-102,-103,-103,-103,0,-94,-94,-160,-105,-93,-40,-40,-25,-25,-20,-6420,-5731,-1466,-6269,-5539,-4650,-29973,-29974,-29974,-29964,-29977,-29978,-29977,-29972]} 1. d4 d6 2. g3 g6 3. Bg2 Bg7 4. Nf3 Nd7 5. O-O e5 6. c4 Ne7 7. Nc3 O-O 8. e4 exd4 9. Nxd4 Nc6 10. Nxc6 bxc6 11. Qc2 Qf6 12. Ne2 {A42: Modern Defence: Averbakh Variation} Re8 13. Rb1 Qe7 14. Bd2 {White is slightly better.} Nc5 {[%cal Rc5e4]} 15. Nc3 $146 {[%cal Be2c3,Bc3d1,Bd1e3][%mdl 32]} ({Predecessor:} 15. Rbe1 Rb8 16. Bc3 Bxc3 17. Nxc3 a5 18. Re3 Qe5 19. Rd1 Bg4 {½-½ (72) Dizdarevic,E (2495)-Azmaiparashvili,Z (2575) Palma de Mallorca 1989}) 15... a5 {[%cal Ba7a5,Ba5a4][%mdl 32]} 16. Rbe1 Rb8 17. b3 Ba6 18. Nd1 {[#]} a4 $1 {[%cal Ra4b3][%mdl 512]} 19. b4 (19. bxa4 Qe6) 19... Nd7 20. Ne3 Nb6 21. Rb1 Bd4 22. b5 cxb5 23. cxb5 Bb7 {[%cal Rb7e4]} 24. Nd5 Bxd5 25. exd5 Qe2 26. Rbe1 Qc4 27. Rc1 Qxc2 28. Rxc2 Bc5 29. Bf4 Nd7 30. Rb1 Ne5 (30... Rb7 {keeps more tension.} 31. Bf3 Reb8 32. Be2 Nf6 33. Rd1 Re8) 31. Bxe5 (31. Bf1 $11) 31... Rxe5 $15 32. Bf3 Rbe8 33. Kf1 Kg7 34. Rcc1 Rf5 35. Kg2 Ree5 36. Rc4 a3 37. Rbc1 Rf6 38. g4 h5 39. h3 Kh6 40. Rd1 h4 41. Rdc1 Kg5 42. Rd1 (42. Rxc5 $11 dxc5 43. Rxc5) 42... Re8 43. Rb1 Rb8 44. Re4 Rf4 45. Rxf4 Kxf4 {[%mdl 4096] Endgame KRB-KRB} 46. Rb3 Ke5 47. Kf1 Kd4 48. Kg2 Re8 49. Kf1 Re5 50. Rb1 (50. Bd1 $17) 50... Kc3 $1 $19 51. Rb3+ Kd2 52. Rb1 Kc2 53. Re1 Kb2 (53... Rxe1+ $1 $19 54. Kxe1 Kb2) 54. Rxe5 $17 dxe5 {KB-KB} 55. d6 cxd6 56. Bd5 {Black should prevent g5.} f5 (56... f6 $1 $17 57. Ke1 Kc3) 57. gxf5 (57. g5 $1 $11 {remains equal.}) 57... gxf5 58. f4 ({White should play} 58. Ke2) 58... Kc3 ({Resist} 58... exf4 59. Ke2 $15) 59. Be6 exf4 (59... e4 $17 {Threatens to win with ...Kd2.} 60. Ke2 Kc2) 60. Ke2 $15 Kd4 {Strongly threatening ...Ke4.} 61. Bxf5 d5 62. Bc2 $2 {[%mdl 8192]} (62. Kf3 $11) 62... Kc3 $19 63. Bb3 d4 64. Kf3 Bd6 $1 {[%cal Rd6c7]} 65. b6 d3 {Black mates.} 66. Ke4 d2 67. Kf3 {[#]} Kb2 $1 68. Ke2 {[#]} Kc1 $1 {Accuracy: White = 41%, Black = 59%.} 0-1

[Event "Josef Kupper Memorial 2019"]
[Site "Zurich"]
[Date "2019.08.17"]
[Round "5.12"]
[White "Meier, Volker"]
[Black "Wagner, Dennis"]
[Result "0-1"]
[WhiteElo "2281"]
[BlackElo "2579"]
[Annotator "TA"]
[PlyCount "56"]
[EventDate "2019.08.14"]
[EventType "swiss"]
[EventCountry "SUI"]
[SourceTitle "playchess.com"]
[Source "ChessBase"]
[SourceQuality "1"]

{[%evp 26,56,-15,-34,-30,-45,-36,-58,-41,-56,-38,-52,-38,-65,-51,-194,-184,-183,-196,-199,-179,-200,-179,-202,-157,-156,-152,-217,-191,-1256,-1205,-1172,-1158]} 1. Nf3 c5 2. c4 g6 3. Nc3 Bg7 4. g3 Nc6 5. Bg2 d6 6. O-O e5 7. Ne1 Be6 8. d3 Nge7 9. Nc2 d5 10. cxd5 Nxd5 11. Ne3 Nde7 12. Rb1 O-O 13. a3 a5 14. Nc4 Rb8 {A37: Symmetrical English vs ...g6: 4 Bg2 Bg7 5 Nf3} 15. a4 (15. Bg5 f6 16. Be3 b6 17. Qa4 Nd4 18. Bxd4 exd4 19. Nb5 Nd5 20. b4 axb4 21. axb4 Nxb4 22. Rxb4 cxb4 {0-1 (30) Gledura,B (2630)-Grandelius,N (2694) Skopje 2019}) 15... b6 16. b3 Qd7 {Black is slightly better.} 17. Re1 h6 $146 ({Predecessor:} 17... f5 18. Bb2 h6 19. Nb5 g5 20. Qc1 f4 21. Be4 Nd4 22. e3 fxe3 23. fxe3 Nxb5 24. axb5 {1-0 (38) Gaifullin,A (2453)-Drygalov,A (2481) Loo 2019}) 18. Be3 Kh7 19. Qc1 Nb4 20. f4 ({Better is} 20. Bd2 $15) 20... exf4 $19 21. gxf4 Bh3 {[#] ( -> ...Qg4!)} 22. Bf2 Bxg2 23. Kxg2 Qg4+ 24. Bg3 Nf5 {aiming for ...Rbe8.} 25. Ne4 Nh4+ 26. Kg1 (26. Kh1 $17 {keeps fighting.}) 26... Bd4+ 27. Nf2 $2 (27. Kh1) 27... Bxf2+ 28. Kxf2 {[#]} Nxd3+ $1 {[%mdl 576] Double Attack. Accuracy: White = 13%, Black = 37%.} 0-1

[Event "Josef Kupper Memorial 2019"]
[Site "Zurich"]
[Date "2019.08.17"]
[Round "5.13"]
[White "Fischer, Daniel"]
[Black "Beerdsen, Thomas"]
[Result "1/2-1/2"]
[WhiteElo "2288"]
[BlackElo "2491"]
[Annotator "ChessBase"]
[PlyCount "92"]
[EventDate "2019.08.14"]
[EventType "swiss"]
[EventCountry "SUI"]
[SourceTitle "playchess.com"]
[Source "ChessBase"]
[SourceQuality "1"]
[TimeControl "40/5400+30:1800+30"]

1. e4 {[%emt 0:00:00]} c5 {[%emt 0:05:05]} 2. Nf3 {[%emt 0:00:00]} e6 {[%emt 0:00:05]} 3. d4 {[%emt 0:00:00]} cxd4 {[%emt 0:00:04]} 4. Nxd4 {[%emt 0:00:00]} Nc6 {[%emt 0:00:05]} 5. Nc3 {[%emt 0:00:00]} Qc7 {[%emt 0:00:06]} 6. Be3 {[%emt 0:00:00]} a6 {[%emt 0:00:11]} 7. Qd2 {[%emt 0:01:21]} Nf6 {[%emt 0:00:14]} 8. O-O-O {[%emt 0:00:17]} Bb4 {[%emt 0:07:23]} 9. f3 {[%emt 0:00:14]} h5 {[%emt 0:05:15]} 10. Nxc6 {[%emt 0:20:43]} bxc6 {[%emt 0:03:26]} 11. Bf4 {[%emt 0:05:42]} e5 {[%emt 0:04:42]} 12. Bg5 {[%emt 0:01:01]} Qa5 {[%emt 0:12:59]} 13. Bc4 {[%emt 0:03:04]} d6 {[%emt 0:09:50]} 14. Qd3 {[%emt 0:06:22]} Nd7 {[%emt 0:08:14]} 15. a3 {[%emt 0:07:34]} Bc5 {[%emt 0:03:20]} 16. Ne2 {[%emt 0:05:41]} Qa4 {[%emt 0:10:02]} 17. b4 {[%emt 0:09:52]} f6 {[%emt 0:07:05]} 18. bxc5 {[%emt 0:08:47]} fxg5 {[%emt 0:00:20]} 19. cxd6 {[%emt 0:01:05]} Rb8 {[%emt 0:06:00]} 20. Qc3 {[%emt 0:02:06]} Rh6 {[%emt 0:00:55]} 21. h4 {[%emt 0:03:44]} gxh4 {[%emt 0:02:46]} 22. f4 {[%emt 0:02:00]} Rg6 {[%emt 0:08:36]} 23. fxe5 {[%emt 0:01:04]} Nc5 {[%emt 0:00:41]} 24. Nf4 {[%emt 0:03:23]} Nxe4 {[%emt 0:02:01]} 25. Qd3 {[%emt 0:02:27]} Bf5 {[%emt 0:00:08]} 26. d7+ {[%emt 0:00:47]} Kd8 {[%emt 0:00:11]} 27. Nxg6 {[%emt 0:10:00]} Nd6 {[%emt 0:01:06]} 28. Qc3 {[%emt 0:02:38]} Ne4 {[%emt 0:01:57]} 29. Bb3 {[%emt 0:01:56]} Nxc3 {[%emt 0:00:52]} 30. Bxa4 {[%emt 0:00:03]} Bxg6 {[%emt 0:00:13]} 31. Bxc6 {[%emt 0:01:20]} Rb1+ {[%emt 0:00:33]} 32. Kd2 {[%emt 0:00:03]} Rxd1+ {[%emt 0:00:23]} 33. Rxd1 {[%emt 0:00:04]} Nxd1 {[%emt 0:00:05]} 34. Kxd1 {[%emt 0:00:03]} Bf5 {[%emt 0:00:11]} 35. c4 {[%emt 0:01:38]} g5 {[%emt 0:01:47]} 36. Ke2 {[%emt 0:00:26]} h3 {[%emt 0:00:33]} 37. gxh3 {[%emt 0:00:42]} Bxh3 {[%emt 0:00:04]} 38. Kf2 {[%emt 0:00:47]} Bxd7 {[%emt 0:00:27]} 39. Bxd7 {[%emt 0:01:11]} Kxd7 {[%emt 0:00:04]} 40. c5 {[%emt 0:00:04]} h4 {[%emt 0:00:44]} 41. Kf3 {[%emt 0:31:09]} h3 {[%emt 0:30:09]} 42. Kg3 {[%emt 0:00:05]} g4 {[%emt 0:00:05]} 43. Kh2 {[%emt 0:00:33]} Ke6 {[%emt 0:00:23]} 44. c6 {[%emt 0:00:07]} Ke7 {[%emt 0:00:04]} 45. Kg3 {[%emt 0:00:10]} Ke6 {[%emt 0:00:05]} 46. Kh2 {[%emt 0:00:07]} Kd5 1/2-1/2

[Event "Josef Kupper Memorial 2019"]
[Site "Zurich"]
[Date "2019.08.17"]
[Round "5.14"]
[White "Hort, Vlastimil"]
[Black "Florescu, Codrut-Constantin"]
[Result "1/2-1/2"]
[WhiteElo "2400"]
[BlackElo "2314"]
[Annotator "ChessBase"]
[PlyCount "62"]
[EventDate "2019.08.14"]
[EventType "swiss"]
[EventCountry "SUI"]
[SourceTitle "playchess.com"]
[Source "ChessBase"]
[SourceQuality "1"]
[TimeControl "40/5400+30:1800+30"]

1. e4 {[%emt 0:00:00]} c5 {[%emt 0:00:00]} 2. Nc3 {[%emt 0:00:00]} Nc6 {[%emt 0:00:00]} 3. Nge2 {[%emt 0:00:10]} e6 {[%emt 0:00:15]} 4. g3 {[%emt 0:00:13]} a6 {[%emt 0:00:42]} 5. Bg2 {[%emt 0:00:39]} Qc7 {[%emt 0:00:14]} 6. O-O {[%emt 0:02:03]} Nf6 {[%emt 0:00:19]} 7. a3 {[%emt 0:01:58]} Be7 {[%emt 0:10:16]} 8. d3 {[%emt 0:05:33]} O-O {[%emt 0:00:48]} 9. h3 {[%emt 0:00:51]} Rb8 {[%emt 0:00:26]} 10. g4 {[%emt 0:01:13]} h6 {[%emt 0:08:21]} 11. f4 {[%emt 0:03:19]} d6 {[%emt 0:02:40]} 12. Be3 {[%emt 0:03:48]} b5 {[%emt 0:00:41]} 13. Qd2 {[%emt 0:01:26]} b4 {[%emt 0:07:10]} 14. Nd1 {[%emt 0:03:21]} bxa3 {[%emt 0:03:51]} 15. bxa3 {[%emt 0:02:41]} d5 {[%emt 0:07:23]} 16. g5 {[%emt 0:03:29]} d4 {[%emt 0:00:47]} 17. gxf6 {[%emt 0:02:51]} dxe3 {[%emt 0:00:10]} 18. Nxe3 {[%emt 0:00:08]} Bxf6 {[%emt 0:00:10]} 19. Rab1 {[%emt 0:00:18]} Bd7 {[%emt 0:13:53]} 20. Nc4 {[%emt 0:04:21]} Nd4 {[%emt 0:03:36]} 21. e5 {[%emt 0:02:59]} Be7 {[%emt 0:00:54]} 22. Kh1 {[%emt 0:10:56]} Rxb1 {[%emt 0:02:28]} 23. Rxb1 {[%emt 0:00:16]} Rb8 {[%emt 0:00:04]} 24. Ra1 {[%emt 0:05:14]} Bb5 {[%emt 0:05:51]} 25. Ne3 {[%emt 0:04:17]} f6 {[%emt 0:00:21]} 26. a4 {[%emt 0:01:22]} Bd7 {[%emt 0:07:16]} 27. Nxd4 {[%emt 0:01:48]} cxd4 {[%emt 0:00:06]} 28. Nc4 {[%emt 0:00:09]} f5 {[%emt 0:02:32]} 29. Bf3 {[%emt 0:03:40]} Bc6 {[%emt 0:06:06]} 30. Qg2 {[%emt 0:04:42]} Bxf3 {[%emt 0:00:05]} 31. Qxf3 {[%emt 0:00:01]} Qb7 {[%emt 0:00:09]} 1/2-1/2

[Event "Josef Kupper Memorial 2019"]
[Site "Zurich"]
[Date "2019.08.17"]
[Round "5.15"]
[White "Chandra, Akshat"]
[Black "Csajka, Felix"]
[Result "1-0"]
[WhiteElo "2528"]
[BlackElo "2186"]
[Annotator "ChessBase"]
[PlyCount "79"]
[EventDate "2019.08.14"]
[EventType "swiss"]
[EventCountry "SUI"]
[SourceTitle "playchess.com"]
[Source "ChessBase"]
[SourceQuality "1"]
[TimeControl "40/5400+30:1800+30"]

1. d4 {[%emt 0:05:02]} Nf6 {[%emt 0:00:00]} 2. Bf4 {[%emt 0:00:14]} g6 {[%emt 0:00:11]} 3. Nc3 {[%emt 0:00:05]} d5 {[%emt 0:00:19]} 4. e3 {[%emt 0:00:06]} Bg7 {[%emt 0:00:18]} 5. h4 {[%emt 0:00:12]} c5 {[%emt 0:01:53]} 6. Nb5 {[%emt 0:00:14]} Na6 {[%emt 0:01:25]} 7. c3 {[%emt 0:00:24]} Qb6 {[%emt 0:02:40]} 8. a4 {[%emt 0:01:24]} c4 {[%emt 0:05:23]} 9. b3 {[%emt 0:02:14]} cxb3 {[%emt 0:00:33]} 10. Qxb3 {[%emt 0:00:46]} Qa5 {[%emt 0:00:21]} 11. Nf3 {[%emt 0:02:35]} Bd7 {[%emt 0:04:15]} 12. Bd3 {[%emt 0:05:27]} Bc6 {[%emt 0:04:47]} 13. O-O {[%emt 0:01:54]} Qd8 {[%emt 0:03:57]} 14. Ne5 {[%emt 0:00:54]} Nd7 {[%emt 0:01:54]} 15. Nxc6 {[%emt 0:01:26]} bxc6 {[%emt 0:00:14]} 16. Nd6+ {[%emt 0:00:33]} exd6 {[%emt 0:00:48]} 17. Bxa6 {[%emt 0:00:06]} O-O {[%emt 0:04:17]} 18. Bxd6 {[%emt 0:05:03]} Qxh4 {[%emt 0:00:52]} 19. Qb7 {[%emt 0:02:32]} Rad8 {[%emt 0:06:13]} 20. Bxf8 {[%emt 0:10:17]} Bxf8 {[%emt 0:00:37]} 21. g3 {[%emt 0:06:10]} Qh3 {[%emt 0:03:20]} 22. Qc7 {[%emt 0:01:23]} Be7 {[%emt 0:01:02]} 23. Rfe1 {[%emt 0:16:31]} Qe6 {[%emt 0:03:59]} 24. Bc8 {[%emt 0:05:51]} h5 {[%emt 0:01:32]} 25. Rab1 {[%emt 0:17:08]} h4 {[%emt 0:01:20]} 26. Bxd7 {[%emt 0:00:52]} Rxd7 {[%emt 0:00:36]} 27. Rb8+ {[%emt 0:01:24]} Kg7 {[%emt 0:03:21]} 28. Qe5+ {[%emt 0:00:05]} Qxe5 {[%emt 0:00:54]} 29. dxe5 {[%emt 0:00:01]} hxg3 {[%emt 0:00:41]} 30. f4 {[%emt 0:00:12]} f6 {[%emt 0:04:03]} 31. Reb1 {[%emt 0:00:43]} fxe5 {[%emt 0:02:03]} 32. R1b7 {[%emt 0:00:42]} Rxb7 {[%emt 0:00:14]} 33. Rxb7 {[%emt 0:00:02]} Kf6 {[%emt 0:00:45]} 34. fxe5+ {[%emt 0:00:12]} Ke6 {[%emt 0:00:16]} 35. Rxa7 {[%emt 0:00:04]} Bc5 {[%emt 0:00:27]} 36. Rb7 {[%emt 0:00:24]} Bxe3+ {[%emt 0:01:53]} 37. Kg2 {[%emt 0:00:02]} c5 {[%emt 0:05:59]} 38. a5 {[%emt 0:00:05]} c4 {[%emt 0:00:15]} 39. a6 {[%emt 0:00:06]} Kxe5 {[%emt 0:01:19]} 40. Re7+ {[%emt 0:00:19]} 1-0

[Event "Josef Kupper Memorial 2019"]
[Site "Zurich"]
[Date "2019.08.17"]
[Round "5.16"]
[White "Chennaoui, Yasin"]
[Black "Tan, Justin"]
[Result "0-1"]
[WhiteElo "2092"]
[BlackElo "2503"]
[Annotator "ChessBase"]
[PlyCount "61"]
[EventDate "2019.08.14"]
[EventType "swiss"]
[EventCountry "SUI"]
[SourceTitle "playchess.com"]
[Source "ChessBase"]
[SourceQuality "1"]
[TimeControl "40/5400+30:1800+30"]

1. c4 {[%emt 0:00:00]} c5 {[%emt 0:00:39]} 2. Nc3 {[%emt 0:00:00]} g6 {[%emt 0:01:47]} 3. Nf3 {[%emt 0:00:00]} Bg7 {[%emt 0:00:23]} 4. e3 {[%emt 0:00:00]} Nf6 {[%emt 0:00:08]} 5. d4 {[%emt 0:00:02]} O-O {[%emt 0:00:05]} 6. Be2 {[%emt 0:00:15]} cxd4 {[%emt 0:01:35]} 7. exd4 {[%emt 0:01:05]} d5 {[%emt 0:00:44]} 8. cxd5 {[%emt 0:02:49]} Nxd5 {[%emt 0:00:11]} 9. h4 {[%emt 0:00:24]} Bg4 {[%emt 0:15:11]} 10. Qb3 {[%emt 0:07:35]} Nb6 {[%emt 0:03:48]} 11. Be3 {[%emt 0:00:49]} Nc6 {[%emt 0:00:50]} 12. d5 {[%emt 0:03:01]} Bxc3+ {[%emt 0:06:51]} 13. bxc3 {[%emt 0:00:11]} Qxd5 {[%emt 0:00:08]} 14. c4 {[%emt 0:00:32]} Qa5+ {[%emt 0:04:16]} 15. Kf1 {[%emt 0:04:05]} Rad8 {[%emt 0:02:45]} 16. c5 {[%emt 0:21:05]} Nd5 {[%emt 0:02:16]} 17. Bh6 {[%emt 0:00:11]} Rfe8 {[%emt 0:17:13]} 18. h5 {[%emt 0:11:56]} Qc3 {[%emt 0:03:32]} 19. Rb1 {[%emt 0:00:38]} Bxh5 {[%emt 0:10:32]} 20. Rh4 {[%emt 0:04:19]} Bxf3 {[%emt 0:00:53]} 21. Bxf3 {[%emt 0:00:38]} Qf6 {[%emt 0:06:21]} 22. Bxd5 {[%emt 0:03:32]} Qxh4 {[%emt 0:08:52]} 23. Bxf7+ Kh8 24. Be3 {[%emt 0:01:28]} Rf8 {[%emt 0:00:51]} 25. Kg1 {[%emt 0:09:24]} Nd4 {[%emt 0:00:50]} 26. Qc4 {[%emt 0:00:47]} Ne2+ {[%emt 0:03:23]} 27. Kf1 {[%emt 0:00:34]} Ng3+ {[%emt 0:00:51]} 28. fxg3 {[%emt 0:00:28]} Qxc4+ {[%emt 0:00:04]} 29. Ke1 {[%emt 0:00:23]} Rxf7 {[%emt 0:00:10]} 30. Bd4+ {[%emt 0:00:01]} Qxd4 {[%emt 0:00:05]} 31. Rxb7 {[%emt 0:00:07]} 0-1

[Event "Josef Kupper Memorial 2019"]
[Site "Zurich"]
[Date "2019.08.17"]
[Round "6.1"]
[White "Maghsoodloo, Parham"]
[Black "Idani, Pouya"]
[Result "1/2-1/2"]
[WhiteElo "2656"]
[BlackElo "2581"]
[Annotator "TA"]
[PlyCount "38"]
[EventDate "2019.08.14"]
[EventType "swiss"]
[EventCountry "SUI"]
[SourceTitle "playchess.com"]
[Source "ChessBase"]
[SourceQuality "1"]

{[%evp 14,38,-2,-12,-12,-29,-14,-16,136,-200,7,0,31,30,27,21,17,22,26,39,29,35,30,5,46,39,85]} 1. e4 e5 2. Nf3 Nc6 3. d4 exd4 4. Nxd4 Nf6 5. Nxc6 bxc6 6. e5 Qe7 7. Qe2 Nd5 8. h4 Qe6 {C45: Scotch Game} 9. g3 Nb4 {...Ba6 is the strong threat.} 10. c4 d5 $146 (10... Qf5 $11 11. Kd1 Nxa2) ({Predecessor:} 10... Ba6 11. Bf4 d5 12. a3 Bxc4 13. Qd1 Bxf1 14. Kxf1 Na6 15. Nc3 Nc5 16. b4 {1-0 (32) Tomczak,J (2614)-Kramnik,V (2779) Batumi 2018}) 11. Nc3 $2 {[%mdl 8192] [#]} (11. a3 $16 {is necessary to keep the advantage.}) 11... Ba6 $2 ({Black should play} 11... d4 $1 $19 {Strongly threatening ...Rb8.} 12. Bh3 f5) 12. Bh3 $1 $11 {[%cal Rh3e6]} Bxc4 13. Bxe6 Bxe2 {[#]} 14. Bxf7+ $1 {[%mdl 512]} Kxf7 15. Kxe2 Nc2 16. Rb1 Nd4+ 17. Ke3 $1 {[%cal Re3d4]} Ne6 {Threatens to win with ...d4+.} 18. Na4 Rb8 19. f4 Rb4 {Accuracy: White = 47%, Black = 25%.} 1/2-1/2

[Event "Josef Kupper Memorial 2019"]
[Site "Zurich"]
[Date "2019.08.17"]
[Round "6.2"]
[White "Tabatabaei, M.amin"]
[Black "Bluebaum, Matthias"]
[Result "1-0"]
[WhiteElo "2601"]
[BlackElo "2619"]
[Annotator "TA"]
[PlyCount "113"]
[EventDate "2019.08.14"]
[EventType "swiss"]
[EventCountry "SUI"]
[SourceTitle "playchess.com"]
[Source "ChessBase"]
[SourceQuality "1"]

{[%evp 12,113,18,12,17,21,21,26,21,18,25,23,37,0,0,-4,48,52,57,43,40,0,29,27,39,24,29,21,22,23,33,20,44,23,36,31,41,24,41,27,41,41,41,0,41,41,41,41,41,41,41,41,41,41,49,49,56,41,50,50,56,41,41,41,66,66,66,66,66,66,66,66,66,66,66,66,237,206,223,185,330,290,310,284,257,118,223,223,464,456,435,456,629,647,583,560,827,789,964,950,936,934,769,693]} 1. d4 Nf6 2. Nf3 d5 3. c4 e6 4. Nc3 Bb4 5. cxd5 exd5 6. Bg5 h6 7. Bh4 O-O {D38: Queen's Gambit Declined: Ragozin Defence (4 Nf3 Bb4)} 8. e3 Bf5 9. Qb3 $146 (9. Be2 Nbd7 10. Qb3 Ba5 11. O-O c6 12. Ne5 Qb6 13. Nxd7 Nxd7 14. Rfc1 Qxb3 15. axb3 {½-½ (26) Giri,A (2797)-Navara,D (2739) Shamkir 2019}) 9... Bxc3+ {White has an edge.} 10. Qxc3 g5 11. Bg3 Ne4 12. Qa3 ({Wrong is} 12. Bxc7 $2 Qe7 $19) 12... Re8 13. Nd2 Nd7 (13... Nxd2 $11 14. Kxd2 Nd7) 14. Nxe4 $14 Bxe4 15. f3 Bg6 16. Be2 c6 17. h4 Qf6 18. Kf2 Re6 {Black wants to play ...Rae8.} 19. hxg5 hxg5 {...Rae8 is the strong threat.} 20. Rae1 Rae8 21. Bd1 Qe7 22. Qxe7 R8xe7 23. Bb3 f5 24. Bh2 Kg7 25. Rhg1 Bh5 26. Bc2 Bg6 27. Bb3 Bh5 28. a3 a6 29. Ba2 Kf7 30. b4 Kg7 31. Bc7 Re8 32. a4 Rc8 33. Bh2 Rce8 34. a5 R8e7 35. Bc7 Re8 36. Bb1 Bg6 37. f4 gxf4 38. exf4 {[#] Black must now prevent Rxe6.} Rxe1 39. Rxe1 Rxe1 40. Kxe1 {[%mdl 4096] Endgame KBB-KBN} Kh6 41. Be5 Kh5 $1 42. Kf2 Kg4 43. g3 Kh5 $2 (43... Kh3 $1 $14) 44. Kg2 $18 Nf8 45. Bd3 {Threatens to win with Bg7.} Ne6 (45... Kh6 $142 46. Kh3 Bh7) 46. Kh3 Nd8 47. Bg7 {[%cal Rd3e2]} Bh7 48. Be2+ Kg6 49. Be5 Ne6 $2 (49... Kf7 50. Kh4 Ke7) 50. Kh4 {White is clearly winning.} Nf8 51. Bd6 Nd7 52. Bh5+ Kf6 {[#]} 53. Be5+ $1 Ke6 {Now ...Nf6 and Black clings on.} 54. Kg5 Ke7 55. Kh6 Bg8 56. Kg7 Be6 57. Bc7 {Accuracy: White = 76%, Black = 60%.} 1-0

[Event "Josef Kupper Memorial 2019"]
[Site "Zurich"]
[Date "2019.08.17"]
[Round "6.3"]
[White "Martirosyan, Haik M."]
[Black "Donchenko, Alexander"]
[Result "1/2-1/2"]
[WhiteElo "2619"]
[BlackElo "2618"]
[Annotator "TA"]
[PlyCount "72"]
[EventDate "2019.08.14"]
[EventType "swiss"]
[EventCountry "SUI"]
[SourceTitle "playchess.com"]
[Source "ChessBase"]
[SourceQuality "1"]

{[%evp 13,72,0,0,0,0,0,0,0,0,0,7,6,0,0,22,27,20,21,15,7,14,12,14,15,25,24,22,19,16,0,0,0,0,0,0,0,28,37,33,-429,-413,-462,-461,-403,-455,-396,-457,-411,0,0,0,-16,-16,-22,0,0,0,0,0,0,0]} 1. d4 Nf6 2. c4 e6 3. Nf3 d5 4. g3 Bb4+ 5. Bd2 Be7 6. Bg2 O-O 7. O-O Nbd7 8. Bc3 {E11: Bogo-Indian} b6 9. cxd5 exd5 $146 ({Predecessor:} 9... Nxd5 10. e4 Nxc3 11. Nxc3 Bb7 12. Re1 Re8 13. Qc2 c6 14. Rad1 Qc7 15. e5 Rad8 {0-1 (72) Ding,L (2774)-Carlsen,M (2837) Saint Louis 2017}) 10. Nbd2 Bb7 11. Ne5 c5 12. b3 Nxe5 13. dxe5 Ne4 14. Nxe4 dxe4 15. Qc2 Qd5 16. Rad1 {[%cal Ba1d1,Bd1d7,Bd7a7][%mdl 32]} Qc6 17. f4 exf3 18. Bxf3 Qc8 19. Bxb7 Qxb7 20. Qf5 Qc6 21. Rd7 g6 22. Qh3 Bg5 23. Rf3 Rad8 24. Rxa7 {And now e6! would win.} Bd2 {Strongly threatening ...Bxc3.} 25. Bb2 {Black must now prevent e6!} h5 26. e6 $2 {[%mdl 8192] [#]} (26. Qg2 $14) 26... Be3+ $1 $19 27. Rxe3 Rd1+ 28. Kf2 fxe6+ 29. Rf3 Rxf3+ 30. exf3 {[#] Threatens to win with Rg7+.} Rd2+ $2 ({Better is} 30... Qd5 $1 $19 {[%cal Rd5d2]} 31. Ra8+ (31. Rg7+ $2 Kf8 $19) 31... Kf7 32. Ra7+ Ke8) 31. Ke3 $11 {The position is equal.} Qd5 {( -> ...Rd3+)} 32. Qf1 Rxb2 {[%csl Gc5][%cal Rd5d4]} 33. Qd3 Qe5+ 34. Qe4 Qc3+ 35. Kf4 {[%cal Re4a8]} Qf6+ 36. Ke3 {White threatens Qa8+ and mate.} Qc3+ {Accuracy: White = 71%, Black = 82%.} ({Not} 36... Rxh2 37. Qa8+ Qf8 38. Qb7 Qh6+ 39. f4 Qxf4+ 40. gxf4 Rh3+ 41. Ke4 Re3+ 42. Kxe3 Kh8 43. Qh7#) 1/2-1/2